Comuni della Provincia di Matera - Statistics

Statistiche generali
  • Questo quiz è stato fatto 27 volte
  • Il punteggio medio è 16 su 31
Statistiche sulle risposte
Comune % Corretto
Matera
94%
Policoro
82%
Bernalda
76%
Pisticci
76%
Craco
71%
Montescaglioso
71%
Ferrandina
65%
Scanzano Jonico
65%
Irsina
59%
Nova Siri
59%
Aliano
53%
Colobraro
53%
Montalbano Jonico
53%
Stigliano
53%
Accettura
47%
Grottole
47%
Miglionico
47%
Tricarico
47%
Tursi
47%
Calciano
41%
Garaguso
41%
Grassano
41%
Pomarico
41%
Salandra
41%
Valsinni
41%
Cirigliano
35%
Gorgoglione
35%
Oliveto Lucano
35%
Rotondella
35%
San Mauro Forte
35%
San Giorgio Lucano
29%
Nessun quiz corrispondente trovato
Distribuzione punteggi
Percentuale di utenti per punteggio
Percentile per numero di risposta
I tuoi punteggi nel tempo
Non hai fatto questo quiz